| 000 | 00490nam a2200193Ia 4500 | ||
|---|---|---|---|
| 003 | OSt | ||
| 005 | 20251220095744.0 | ||
| 008 | 250729s2007 xx 000 0 und d | ||
| 040 | _cAL | ||
| 041 | _akan | ||
| 082 | _a020.2 GOKS | ||
| 100 |
_aGovt of Karnataka _9227344 |
||
| 245 | _aಸಮಾಜ ವಿಜ್ನಾನ ,10th std | ||
| 260 |
_aಬೆಂಗಳೂರು _c2007 |
||
| 300 | _a207p | ||
| 650 |
_aSociology _9227345 |
||
| 700 |
_aRao Digumurthi _9227346 |
||
| 942 |
_2ddc _cBED |
||
| 999 |
_c237619 _d237619 |
||